Central Library OPAC University of Rajshahi

How to read a page : (Record no. 371)

MARC details
000 -LEADER
fixed length control field 00886cam a22002771 4500
001 - CONTROL NUMBER
control field 371
003 - CONTROL NUMBER IDENTIFIER
rucl marc code BD-RjUL
005 - DATE AND TIME OF LATEST TRANSACTION
control field 20211208233151.0
008 - FIXED-LENGTH DATA ELEMENTS--GENERAL INFORMATION
fixed length control field 800130r19611943enka 000 0 eng
035 ## - SYSTEM CONTROL NUMBER
System control number (BD-RjUL)
System control number (OCoLC)5928097
040 ## - CATALOGING SOURCE
Original cataloging agency DLC
Transcribing agency NNSU-OP
Modifying agency OCoLC
-- DLC
Language of cataloging eng
041 ## - LANGUAGE CODE
Language code of text/sound track or separate title eng
082 ## - DEWEY DECIMAL CLASSIFICATION NUMBER
Classification number 153.665
Edition number 16
Author mark and year RIH
100 1# - MAIN ENTRY--PERSONAL NAME
Personal name Richards, I. A.
Fuller form of name (Ivor Armstrong),
Dates associated with a name 1893-1979.
9 (RLIN) 1172
245 10 - TITLE STATEMENT
Title How to read a page :
Remainder of title a course in effective reading, with an introduction to a hundred great words /
Statement of responsibility, etc. by I. A. Richards.
260 ## - PUBLICATION, DISTRIBUTION, ETC. (IMPRINT)
Place of publication, distribution, etc. London,
Name of publisher, distributor, etc. K. Paul, Trench, Trubner,
Date of publication, distribution, etc. 1943 [Impression 1961]
300 ## - PHYSICAL DESCRIPTION
Pagination 246 p.
Illustrations diagrs.
Size 19 cm.
500 ## - GENERAL NOTE
General note "First published in England 1943."
650 #0 - SUBJECT ADDED ENTRY--TOPICAL TERM
Topical term or geographic name as entry element Reading.
9 (RLIN) 1173
Topical term or geographic name as entry element Meaning (Psychology)
9 (RLIN) 361
Topical term or geographic name as entry element Semantics.
9 (RLIN) 1174
942 ## - ADDED ENTRY ELEMENTS (KOHA)
Source of classification or shelving scheme Dewey Decimal Classification
Koha item type Books
Holdings
Lost status Source of classification or shelving scheme Damaged status Not for loan Collection code Permanent Location Current Location Shelving location Date acquired Source of acquisition Cost, normal purchase price Total Checkouts Full call number Date last seen Copy number Koha item type
  Dewey Decimal Classification   Not For Loan Non-fiction Central Library, University of Rajshahi Central Library, University of Rajshahi   17/07/1968 Sweets and Zeitlinger. 15.00   153.665 RIH 1961 17/11/2013 C-1 Books
  Dewey Decimal Classification     Non-fiction Central Library, University of Rajshahi Central Library, University of Rajshahi   31/03/1980 Heffer 2.50   153.665 RIH 1967 13/11/2016 C-2 Books